National Road Fund Agency annual report 2004 (Record no. 78720)

MARC details
000 -LEADER
fixed length control field 00962nam a2200169 a 4500
008 - FIXED-LENGTH DATA ELEMENTS--GENERAL INFORMATION
fixed length control field 060411s2004 ||||||||||||||||| || u
050 ## - LIBRARY OF CONGRESS CALL NUMBER
Classification number ZAM.PER-NRFA(058)
110 ## - MAIN ENTRY--CORPORATE NAME
Corporate name or jurisdiction name as entry element Zambia National Road Fund Agency (NRFA)
245 10 - TITLE STATEMENT
Title National Road Fund Agency annual report 2004
260 ## - PUBLICATION, DISTRIBUTION, ETC.
Place of publication, distribution, etc. Lusaka
Name of publisher, distributor, etc. NRFA
Date of publication, distribution, etc. 2004
350 ## -
-- 0.00
650 ## - SUBJECT ADDED ENTRY--TOPICAL TERM
Topical term or geographic name entry element Roads - Maintenance and repair - Handbooks, manuals, etc
650 ## - SUBJECT ADDED ENTRY--TOPICAL TERM
Topical term or geographic name entry element TRANSPORTATION
995 ## -
-- SPECIAL COLLECTIONS
-- 0.00
-- ZAM.PER-NRFA(058)A5/
-- CBU-MAIN LIBRARY (Kitwe)
-- 1
-- 0.00
-- ZAM.PER-NRFA(058)A5
-- AVAILABLE
-- Apr 11, 2006
-- Z03000080
-- Zambiana Collection
995 ## -
-- SPECIAL COLLECTIONS
-- 0.00
-- ZAM.PER-NRFA(058)A5/
-- CBU-MAIN LIBRARY (Kitwe)
-- 1
-- 0.00
-- ZAM.PER-NRFA(058)A5/04
-- 1
-- AVAILABLE
-- Apr 11, 2006
-- Z03000079
-- Zambiana Collection
995 ## -
-- SPECIAL COLLECTIONS
-- 0.00
-- ZAM.PER-NRFA(058)A5/
-- CBU-MAIN LIBRARY (Kitwe)
-- 1
-- 0.00
-- ZAM.PER-NRFA(058)A5/05
-- 3
-- AVAILABLE
-- Aug 23, 2006
-- Z03000977
-- Zambiana Collection
999 ## -
-- 78720
-- 78720
Holdings
Withdrawn status Lost status Source of classification or shelving scheme Damaged status Not for loan Permanent Location Current Location Shelving location Date acquired Total Checkouts Full call number Barcode Date last seen Copy number Price effective from Koha item type
          CBU-MAIN LIBRARY, KITWE. CBU-MAIN LIBRARY, KITWE.   06/06/2023   ZAM.PER-NRFA(058)A5 Z03000080 06/06/2023 1 06/06/2023 SPECIAL COLLECTION
          CBU-MAIN LIBRARY, KITWE. CBU-MAIN LIBRARY, KITWE.   06/06/2023   ZAM.PER-NRFA(058)A5/04 Z03000079 06/06/2023 2 06/06/2023 SPECIAL COLLECTION
          CBU-MAIN LIBRARY, KITWE. CBU-MAIN LIBRARY, KITWE.   06/06/2023   ZAM.PER-NRFA(058)A5/05 Z03000977 06/06/2023 3 06/06/2023 SPECIAL COLLECTION